[Event "Top 16 Groupe A"]
[Site "Chartres, France"]
[Date "2024.06.05"]
[Round "7.29"]
[White "Fedorchuk, Sergey A"]
[Black "Moussard, Jules"]
[Result "1/2-1/2"]
[WhiteElo "2546"]
[BlackElo "2610"]
[PlyCount "87"]
[EventDate "2024.??.??"]

1. e4 {1} e6 {71} 2. d4 {162} d5 {5} 3. Nd2 {40} c5 {13} 4. exd5 {183} Qxd5 {9}
5. dxc5 {46} Nf6 {36} 6. Ngf3 {22} Qxc5 {38} 7. Bd3 {27} Be7 {67} 8. O-O {158}
Qc7 {137} 9. a4 {58} O-O {115} 10. Qe2 {296} Nbd7 {331} 11. a5 {967} Rd8 {833}
12. Nb3 {364} Nd5 {254} 13. Ra4 {99} Nc5 {1127} 14. Nxc5 {954} Qxc5 {28} 15.
Ne5 {140} g6 {286} 16. Bd2 {121} Bd7 {281} 17. Rg4 {589} Be8 {537} 18. h4 {33}
Bf6 {267} 19. Re1 {558} Rac8 {535} 20. h5 {123} Qd6 {49} 21. hxg6 {403} hxg6 {4
} 22. Re4 {218} Bg7 {190} 23. Qf3 {112} Ne7 {501} 24. Bg5 {297} Nf5 {14} 25.
Bxd8 {135} Qxd8 {9} 26. b4 {63} Qd6 {384} 27. b5 {13} Rc5 {54} 28. Nxg6 {41}
Bxb5 {24} 29. Bxb5 {30} Rxb5 30. Nf4 {25} Nd4 {54} 31. Qd3 {14} Rxa5 {17} 32.
Rd1 {43} e5 {51} 33. Nh5 {23} Rd5 {53} 34. Rg4 {46} Kf8 {35} 35. Rxg7 {30} Nf3+
{12} 36. Qxf3 {11} Rxd1+ {2} 37. Kh2 {4} e4+ {3} 38. Qg3 {29} Rh1+ {23} 39.
Kxh1 {27} Qd1+ {4} 40. Kh2 {9} Qxh5+ {2} 41. Kg1 {10} Qd1+ {1} 42. Kh2 {6} Qh5+
{2} 43. Kg1 {34} Qd1+ {2} 44. Kh2 {23} 1/2-1/2